01744nam a22002777a 4500003000900000008004100009040007100050082002300121110003300144245004500177260003000222300004600252440009900298505079400397650001901191650003001210650002401240650003001264650001801294700001901312700002701331700002101358700002701379700003101406700002901437AR-CdUCM190425b ||||| |||| 00| 0 spa d aMUNICIPALIDAD PROVINCIAL DEL CUSCOcBIBLIOTECA MUNICIPAL DEL CUSCO aRev.Allp/N°4/1972 aInstituto de Pastoral Andina aAllpanchis Phuturinqa :bRevista Anual / aCusco :bUniverso,c1972. a201 páginas. :bilustraciones ;c20 cm. aRevista del Instituto de Pastoral Andina CusconAño [ ], [ ] semestre de 1972, N°4. Vol. IV aContenido: Familia y ciclo vital en los andes. -- La familia campesina y el cosmos sagrado. Thomas M. Garr. -- Ciclo vital en Sayllapata. Zulma Zamalloa Gonzales. -- El matrimonio indígena. Carlos Vivanco Flores. -- Costumbres y ritos aymaras. Guillermo Allen. -- La mortalidad en Chia. Gian Louis Christinant. -- Unión familiar y salud. Inocencio Salazar Recio. -- La mujer campesina Aymara. Domingo LLanque Chana. -- Intercambio de mujeres y estructuras familiares. Henrique Urbano. -- La reciprocidad como ethos de la cultura quechua. Daisy Núñez del Prado. -- Reflexión teológico pastoral. -- El problema de la fe explicita y de la incorporación a la iglesia en la teología de la colonia. -- Metodología. -- Investigación socio religiosa y pastoral. Manuel Marzal.  aCultura andina aAntropología cusqueña aReligiosidad andina aConstumbres y tradiciones aRitos andinos aMarzal, Manuel aVivanco Flores, Carlos aUrbano, Henrique aLlanque Chana, Domingo aNúñez del Prado, Daisy aZamalloa Gonzales, Zulma